Sailor in a Russian frame / (Record no. 136286)

MARC details
000 -LEADER
fixed length control field 00649nam a22002297a 4500
005 - DATE AND TIME OF LATEST TRANSACTION
control field 20170124110257.0
010 ## - LIBRARY OF CONGRESS CONTROL NUMBER
LC control number 967529
020 ## - INTERNATIONAL STANDARD BOOK NUMBER
Terms of availability 00.00
International Standard Book Number 853070105
035 ## - SYSTEM CONTROL NUMBER
System control number 967529
037 ## - SOURCE OF ACQUISITION
Source of stock number/acquisition Cen Lib/Ret
040 ## - CATALOGING SOURCE
Original cataloging agency DPL
Language of cataloging EN
082 ## - DEWEY DECIMAL CLASSIFICATION NUMBER
Classification number 921
Item number COU
100 ## - MAIN ENTRY--PERSONAL NAME
Personal name Courtney, Anthony
9 (RLIN) 28439
245 ## - TITLE STATEMENT
Title Sailor in a Russian frame /
Statement of responsibility, etc by Anthony Courtney
260 ## - PUBLICATION, DISTRIBUTION, ETC. (IMPRINT)
Place of publication, distribution, etc London
Name of publisher, distributor, etc Johnson
Date of publication, distribution, etc 1968
270 ## - ADDRESS
City London
Address A-11/14 Stanhope Mews West
300 ## - PHYSICAL DESCRIPTION
Extent 256p. :
Dimensions 21cm(Hb)
Other physical details ill.
500 ## - GENERAL NOTE
General note Includes index
650 ## - SUBJECT ADDED ENTRY--TOPICAL TERM
Topical term or geographic name as entry element Courtney, Anthony -- Biography
9 (RLIN) 28440
650 ## - SUBJECT ADDED ENTRY--TOPICAL TERM
Topical term or geographic name as entry element Biography
9 (RLIN) 7490
942 ## - ADDED ENTRY ELEMENTS (KOHA)
Source of classification or shelving scheme Dewey Decimal Classification
Koha item type English Books
Classification part 921
Call number suffix COU
Holdings
Withdrawn status Lost status Damaged status Not for loan Home library Current library Date acquired Source of acquisition Total Checkouts Full call number Barcode Date last seen Price effective from Koha item type
        Central Library Central Library 18/03/2016 Cen Lib/Ret   921 COU 967529 18/03/2016 18/03/2016 English Books

© Delhi Public Library
Hit Counter
free hit counter